000 00398 a2200169 4500
001 156987
020 _a9788596015745
040 _cEscola São Tomás de Aquino
100 _aCARRARO, Fernando
240 1 0 _aSomos parte da mudança
_lpor
245 1 0 _aSomos parte da mudança
300 _a48 p.
362 0 _a2018
440 1 _aFTD
697 _a*LITERATURA INFANTO JUVENIL
942 _cBK
999 _c156987
_d156987